Normal view
MARC view
- Yue, Jianyong
Entry Personal Name
001 - CONTROL NUMBER
- control field: 115949
003 - CONTROL NUMBER IDENTIFIER
- control field: NUST
005 - DATE AND TIME OF LATEST TRANSACTION
- control field: 20230912165711.0
008 - FIXED-LENGTH DATA ELEMENTS
- fixed length control field: 230912|| aca||aabn | a|a d
040 ## - CATALOGING SOURCE
- Original cataloging agency: NUST
- Transcribing agency: NUST
100 ## - HEADING--PERSONAL NAME
- Personal name: Yue, Jianyong
670 ## - SOURCE DATA FOUND
- Source citation: Work cat.: (NUST): Yue, Jianyong., China's rise in the age of globalization /
